Problémy so včelami

Bibliographic Details
Main Author: Bosík, Ondrej, 1939- (Author)
Format: Article
Language:Slovak
Subjects:

MARC

LEADER 00000nab a2200000 a 4500
001 vtls000074487
003 SK-MaSNL
005 20260304061752.0
008 250422c1980 xo 0 slo
015 |a SNBRB19rr/mm-uuuuu 
035 |a CL0084588 
035 |a urn:nbn:sk:snk-abdkni 
035 |a (urnnbn)urn:nbn:sk:snk:ar-000uct 
035 |a (uuid)02265feb-af6d-4a0b-a224-711a514f6542 
040 |a SNKBUCL  |b slo  |c SNKBUCL  |e AACR2 
041 0 |a slo 
044 |a xo  |c SK 
080 |a 885.4-2  |2 1981 
100 1 |a Bosík, Ondrej,  |d 1939-  |4 aut  |9 251798 
245 1 0 |a Problémy so včelami  |c O. Bosík 
650 0 7 |a scénky divadelné  |2 snkbucl  |9 1005837 
655 7 |a články z novín a časopisov  |2 snkbucl  |9 267496 
773 0 |t Javisko  |g Roč. 12, č. 12 (1980), s. 680-681 
850 |a Slovenská národná knižnica 
852 |a Slovenská národná knižnica 
954 |a odborná, vedecká literatúra pôvodná (slovenská)  |2 lita 
958 |a article19 
958 |a OND 
958 |a RK 
958 |a LX 
958 |a EUIPO 
992 |a RBX 
999 |c 2734868  |d 2736798